000 01323cam a22002537a 4500
001 3368
005 20250507112647.0
020 _a9781618103277
040 _aBTCTA
_beng
_cBTCTA
_dBIB
_dOCLCO
_dDLC
050 0 0 _aPZ7.K6668
082 _a823
100 1 _aKoontz, Robin
245 1 0 _aRumpelstiltskin /
_cwritten and illustrated by Robin Koontz
260 _aVero Beach :
_bRourke Educational Media,
_c2013
300 _a24 pages :
_bcolor illustrations ;
_c21 cm.
490 0 _aLittle birdie books
505 _aJ
520 _aAlden promises to build the people of Thatchville new homes after theirs had been blown away in a windstorm. After having some trouble he runs into a beaver who supplies him with bamboo to build the homes in the promise that Alden would not follow him. Needing more bamboo Alden ventures into the forest again and this time the beaver would only give him more bamboo if he could guess his name. When Alden could not, the beaver left and Alden broke his promise and followed the beaver to the bamboo forest. After apologizing for breaking his promise and following the beaver, he decided to supply Alden with more bamboo.
521 _a460
_bLexile
521 _aJ
_bRaz-Plus
650 _vFiction
906 _a7
_bcbc
_ccopycat
_d4
_eepcn
_f20
_gy-gencatlg
942 _2ddc
_cBK
_n0
999 _c3368
_d3368